I castrati nel teatro d'opera /

সংরক্ষণ করুন:
গ্রন্থ-পঞ্জীর বিবরন
প্রধান লেখক: Heriot, Angus (লেখক)
অন্যান্য লেখক: Piceni Testi, Maria Grazia (অনুবাদক), Gara, Eugenio (ভূমিকা রচয়িতা, ইত্যাদি)
বিন্যাস: গ্রন্থ
ভাষা:ইতালিয়
প্রকাশিত: Milano : Rizzoli, stampa 1962
মালা:Diapason
বিষয়গুলি:
ট্যাগগুলো: ট্যাগ যুক্ত করুন
কোনো ট্যাগ নেই, প্রথমজন হিসাবে ট্যাগ করুন!

MARC

LEADER 00000nam a22000007i 4500
001 IT\ICCU\SBL\0039410
003 ItRI
005 20260115232233.0
008 910930s1962 it |||||| ||||| |||||c
015 |2 IT  |a 62801 
040 |b ita  |c importazione bologna sebina 
041 7 |a ita  |2 ISO-639-2 
082 |a 782  |9 MUSICA DA TEATRO LIBRETTI D'OPERA  |2 16 
100 1 |a Heriot, Angus  |0 IT\ICCU\RMLV\060642  |4 aut 
240 1 4 |a The castrati in opera .  |3 IT\ICCU\SBL\0039411  |9 Heriot, Angus 
245 1 2 |a I castrati nel teatro d'opera /  |c Angus Heriot. 
260 |a Milano :  |b Rizzoli,  |c stampa 1962 
300 |a 259 p. ;  |c 23 cm 
500 |a Trad. Maria Grazia Testi Piceni 
500 |a Pref. Eugenio Gara. 
650 7 |a Cantanti evirati 
700 1 |a Piceni Testi, Maria Grazia  |0 IT\ICCU\CFIV\111976  |4 trl 
700 1 |a Gara, Eugenio  |0 IT\ICCU\RAVV\068781  |4 aui 
790 1 |a Testi Piceni, Maria Grazia  |3 IT\ICCU\BVEV\008715  |z Piceni Testi, Maria Grazia 
790 0 |a Bardolfo  |3 IT\ICCU\SBNV\007354  |z Gara, Eugenio 
830 0 |a Diapason  |0 IT\ICCU\RAV\0197377 
942 |2 ddc  |c BK  |n 0 
952 |0 0  |1 0  |4 0  |6 DOC_782_109000000000000_HER  |7 0  |9 22609  |a BO  |b BO  |d 2026-01-15  |i 12105  |l 0  |o DOC 782.109 HER  |p BO12105  |r 2026-01-15 23:22:33  |w 2026-01-15  |x [Sebina 5] [1 v.]  |y BK  |z 1 v. 
999 |c 19308  |d 19308